| 000 | 00602nam a22001937a 4500 | ||
|---|---|---|---|
| 005 | 20241021151332.0 | ||
| 010 | _aENG-142209 | ||
| 020 |
_c500.00 _a9789387871694 |
||
| 035 | _aEN-125741 | ||
| 037 | _bDBAD/PUB | ||
| 082 | _a305.4 | ||
| 100 |
_aVedamathan, P. _973074 |
||
| 245 |
_aVictimization and Survival of Woman in Margaret Atwood's Fiction: A Study/ _cP. Vedamuthan |
||
| 250 | _a1 | ||
| 260 |
_aTamil Nadu _bShanlax Publications _c2018 |
||
| 270 |
_bMadurai _a61,66 T.P.K. Main Road, Vasantha Nagar _e625003 |
||
| 300 |
_a232p. _c22cm(pb) |
||
| 942 |
_2ddc _cEN _h305.4 _mVED |
||
| 999 |
_c206526 _d206526 |
||